Hoạt động tài chính trong nền kinh tế thị trường

Sách cung cấp những kiến thức liên quan đến sự vận hành tài chính của nền kinh tế thị trường trong việc đổi mới nền kinh tế Việt Nam. Tiền tệ là nền tảng cho tất cả các hoạt động tài chính. Việc chuyển sang nền kinh tế thị trường g...

全面介绍

Đã lưu trong:
书目详细资料
主要作者: Ngô Thị Cúc
格式: 图书
语言:Undetermined
出版: Hà Nội Sở Kinh tế và Đối ngoại 1995
主题:
标签: 添加标签
没有标签, 成为第一个标记此记录!
Thư viện lưu trữ: Trung tâm Học liệu Trường Đại học Cần Thơ
LEADER 01556nam a2200205Ia 4500
001 CTU_25166
008 210402s9999 xx 000 0 und d
020 |b 36,000đ 
082 |a 658.15 
082 |b C105 
100 |a Ngô Thị Cúc 
245 0 |a Hoạt động tài chính trong nền kinh tế thị trường 
245 0 |c Ngô Thị Cúc, Phạm Trọng Lễ 
260 |a Hà Nội 
260 |b Sở Kinh tế và Đối ngoại 
260 |c 1995 
520 |a Sách cung cấp những kiến thức liên quan đến sự vận hành tài chính của nền kinh tế thị trường trong việc đổi mới nền kinh tế Việt Nam. Tiền tệ là nền tảng cho tất cả các hoạt động tài chính. Việc chuyển sang nền kinh tế thị trường gây nên nhiều xáo trộn trong vai trò của tiền tệ. Việt Nam bước vào thị trường quốc tế không những qua sự trao đổi hàng hóa mà còn qua sự trao đổi ngoại tệ và vốn. Sách cũng nhấn mạnh việc tổ chức và quản lý để huy động nguồn vốn qua việc thiết lập các thể chế như hệ thống ngân hàng, thị trường vốn, các công cụ tài chính, các bộ luật... 
650 |a finance,managerial economics 
904 |i Minh, 980917 
980 |a Trung tâm Học liệu Trường Đại học Cần Thơ